Statistics for The Best FRIENDS Quiz Ever

Click here to take the quiz!

General Stats

  • This quiz has been taken 1,256 times
  • The average score is 16 of 28

Answer Stats

HintAnswer% Correct
How many towel categories does Monica have, per 'The Lightning Round'?Eleven
96%
How many sisters does Joey have?Seven
92%
What is the name of Ross's monkey that he obtains in season one?Marcel
88%
What is the name of the Italian guy with whom Rachel has a fling, and whom Ross despises?Paulo
81%
To what sea creatures does Phoebe compare happy couples?Lobster
80%
What food does Ross think is "TOO COLD" to eat?Ice Cream
79%
What article of clothing tells us that Ross is the father of Rachel's baby?The Red Sweater
79%
What concept does Rachel teach Ben that Ross hates?Practical Jokes
72%
How many years older than Monica is Richard?Twenty-one
71%
In 'The Flashback', Joey strips naked after Monica asks if he wants to come in for some ________.Lemonade
68%
The reasons for Chandler being in a box in season four are how-many-fold?Three
68%
In reference to the hint above, her "actual" favorite movie is...?Weekend At Bernie's
63%
Who moves in with Chandler after Joey temporarily moves out in season two?Eddie
61%
Who, according to season four, is "always the hostess?"Monica
59%
In 'The One With The Videotape', what is the name of Joey's alter ego?Ken Adams
53%
What nationality is the blonde woman that Joey and Chandler fight over in 'The One With the Football'?Dutch
52%
Who says the first line of the series?Monica
51%
In season two, Phoebe gives Monica a haircut supposedly styled after Demi Moore, who Phoebe mistakes for ______ _____.Dudley Moore
50%
What is Phoebe's alter ego?Regina Phalange
49%
Who says the last line of the series?Chandler
47%
How many pages is Rachel's letter that she writes to Ross at the beach ("FRONT AND BACK")?Eighteen
46%
In response to Ross's Unagi business, Rachel scares him, justifying it with a strategy called ______ ________.Salmon Skinroll
45%
What nickname does Ross's sandwich hold?The Moist Maker
39%
In 'The One Where Chandler Can't Remember Which Sister', Chandler says, "Well, my apartment isn't there anymore... Because I _____ it."DRANK
38%
What actress plays Rachel's other sister?Christina Applegate
37%
According to 'The One With the Embryos', what is Rachel's "alleged" favorite movie?Dangerous Liaisons
33%
Though it refers to the fear of the number 13, what does Ross think triskaidekaphobia signifies?Fear of Triscuits
33%
What do Joey and Chandler get Rachel for Christmas in season two?Wiper Blades
19%

Score Distribution

Percentile by Number Answered

Percent of People with Each Score

Your Score History

You have not taken this quiz